Development of concepts of physics, (Record no. 14208)

000 -LEADER
fixed length control field 00635nam a22002051 4500
001 - CONTROL NUMBER
control field 14208
003 - CONTROL NUMBER IDENTIFIER
control field BD-DhUET
008 - FIXED-LENGTH DATA ELEMENTS--GENERAL INFORMATION
fixed length control field 850410s1965 mauac b 000 0 eng
040 ## - CATALOGING SOURCE
Original cataloging agency DLC
Transcribing agency DLC
Modifying agency BD-DhUET
082 00 - DEWEY DECIMAL CLASSIFICATION NUMBER
Classification number 530
Item number ARO/1965
100 1# - MAIN ENTRY--PERSONAL NAME
Personal name Arons, A. B.
245 10 - TITLE STATEMENT
Title Development of concepts of physics,
Remainder of title from the rationalization of mechanics to the first theory of atomic structure
250 ## - EDITION STATEMENT
Edition statement 1st ed.
260 ## - PUBLICATION, DISTRIBUTION, ETC. (IMPRINT)
Place of publication, distribution, etc. Massachuetts
Name of publisher, distributor, etc. Addison-Wesley
Date of publication, distribution, etc. 1965
300 ## - PHYSICAL DESCRIPTION
Extent xx, 972 p.
Other physical details illus.
Dimensions 25 cm.
490 ## - SERIES STATEMENT
Series statement Addison-Wesley series in physics
504 ## - BIBLIOGRAPHY, ETC. NOTE
Bibliography, etc Includes bibliographies
650 #0 - SUBJECT ADDED ENTRY--TOPICAL TERM
Topical term or geographic name as entry element Concepts of physics
942 ## - ADDED ENTRY ELEMENTS (KOHA)
Koha item type General Book
Holdings
Price effective from Source of classification or shelving scheme Piece designation (barcode) Koha full call number Copy number Sublocation or collection (holding branch) Koha item type Not for loan Shelving location Koha date last seen Lost status Withdrawn status Koha normalized classification for sorting Date acquired Location (home branch) Damaged status
2015-03-07 83976530/ARO/19651Central Library, BUETGeneral Book Circulation section2015-03-07  530_000000000000000_ARO_19652015-03-07Central Library, BUET 
2015-07-05 83981530/ARO/19652Central Library, BUETGeneral Book Circulation section2015-07-05  530_000000000000000_ARO_19652015-07-05Central Library, BUET